Smart: Lo fundamental y lo mas efectivo acerca de la gerencia del conocimiento/ (Registro nro. 9162)
[ vista simple ]
| 000 -LEADER | |
|---|---|
| fixed length control field | 00948nam a2200205Ia 4500 |
| 005 - FECHA Y HORA DE LA ÚLTIMA TRANSACCIÓN | |
| control field | 20241204171748.0 |
| 008 - FIXED-LENGTH DATA ELEMENTS--GENERAL INFORMATION | |
| fixed length control field | 230903s9999 xx 000 0 und d |
| 020 ## - INTERNATIONAL STANDARD BOOK NUMBER | |
| International Standard Book Number | 9584101528 |
| 040 ## - CATALOGING SOURCE | |
| Original cataloging agency | UPAN |
| Transcribing agency | Biblioteca San Vicente |
| Description conventions | RCAA2 |
| 041 ## - LANGUAGE CODE | |
| Language code of text/sound track or separate title | spa |
| 082 ## - DEWEY DECIMAL CLASSIFICATION NUMBER | |
| Classification number | 658.802 |
| Item number | K685s |
| año de publicación | 2000 |
| 100 ## - MAIN ENTRY--PERSONAL NAME | |
| Personal name | Koulopoulos, Thomas M. |
| Relator code | aut. |
| 245 #0 - TITLE STATEMENT | |
| Title | Smart: Lo fundamental y lo mas efectivo acerca de la gerencia del conocimiento/ |
| Remainder of title | Thomas M. Koulopoulos |
| 260 ## - PUBLICATION, DISTRIBUTION, ETC. (IMPRINT) | |
| Place of publication, distribution, etc | Colombia: |
| Name of publisher, distributor, etc | McGraw Hill, |
| Date of publication, distribution, etc | 2000 |
| 300 ## - PHYSICAL DESCRIPTION | |
| Extent | 204 p.; |
| Dimensions | 21 cm. |
| 505 ## - FORMATTED CONTENTS NOTE | |
| Formatted contents note | 1. El combustible para la innovación<br/>2. La piedras angulares del conocimiento<br/>3. El software del conocimiento (knoware): la tecnología de la gerencia del conocimiento <br/>4. El lado más suave de la gerencia del conocimiento<br/>5. Liderar la organización basada en el conocimiento<br/>6. Qué es lo que no sabemos |
| 650 ## - SUBJECT ADDED ENTRY--TOPICAL TERM | |
| Source of heading or term | LEMB |
| Topical term or geographic name as entry element | Conocimiento |
| General subdivision | Gerencia |
| 700 ## - ADDED ENTRY--PERSONAL NAME | |
| Personal name | Carl Frappaolo |
| Relator code | col. |
| 942 ## - ADDED ENTRY ELEMENTS (KOHA) | |
| Koha item type | Libros |
| Source of classification or shelving scheme | Dewey Decimal Classification |
| Withdrawn status | Lost status | Source of classification or shelving scheme | Damaged status | Not for loan | Collection code | Home library | Current library | Date acquired | Total Checkouts | Full call number | Barcode | Date last seen | Copy number | Price effective from | Koha item type |
|---|---|---|---|---|---|---|---|---|---|---|---|---|---|---|---|
| Dewey Decimal Classification | Colección General | Biblioteca UPAN San Vicente | Biblioteca UPAN San Vicente | 03/09/2023 | 658.802 K685s | 12001803 | 03/09/2023 | 01 | 03/09/2023 | Libros | |||||
| Dewey Decimal Classification | Colección General | Biblioteca UPAN San Vicente | Biblioteca UPAN San Vicente | 03/09/2023 | 658.802 K685s | 12001804 | 06/09/2023 | 02 | 03/09/2023 | Libros |